000 00936nma a22001937a 4500
005 20210325214113.0
006 g q ||
008 s2558 th tha d
041 _atha
090 _aCD2512
245 1 0 _aBike for Mom ปั่นเพื่อแม่ ราชสดุดีพระมิ่งมาตาของแผ่นดิน 83 พรรษา [CD-ROM]
260 3 _aกรุงเทพฯ :
_bกรมศิลปากร,
_c2558
300 _a1 แผ่น :
_b Sd., Col.
650 0 4 _aสิริกิติ์ พระบรมราชินีนาถ, สมเด็จพระนางเจ้า -- พระราชกรณียกิจ
850 _aNALT
942 _cCD
997 _c000000000075761
_kVC
998 _aนายนายสมเกียรติ หะรังศรี
999 _c75761
_d75761